| 000 | 00489nam a2200193Ia 4500 | ||
|---|---|---|---|
| 005 | 20240607102731.0 | ||
| 008 | 131103s9999 xx 000 0 und d | ||
| 040 | _aLoreto College | ||
| 041 | _aEnglish | ||
| 082 |
_a574 _bPAU |
||
| 100 | _aPaulose, P. A. | ||
| 245 |
_aOxford modern science _b biology _cP. A. Paulose |
||
| 260 |
_aBombay _bOxford University Press _c1978 |
||
| 300 |
_aV.2 _b ill. |
||
| 504 | _aIncludes index | ||
| 650 | _aBiology | ||
| 850 | _aLCBED | ||
| 942 | _cBK | ||
| 999 |
_c28593 _d79072 |
||